Netball World Cup hosts - Statistics

General Stats
  • This quiz has been taken 61 times
  • The average score is 6 of 8
Answer Stats
Years City Answer % Correct
1967, 1991, 2015 Perth, Sydney Australia
96%
1963, 1995, 2019 Eastbourne, Birmingham, Liverpool England
96%
1975, 1999, 2007 Auckland, Christchurch New Zealand
92%
1971, 2003 Kingston Jamaica
84%
2023 Cape Town South Africa
82%
1987 Glasgow Scotland
63%
1979 Port of Spain Trinidad and Tobago
53%
1983, 2011 Singapore Singapore
51%
No matching quizzes found
Score Distribution
Percent of People with Each Score
Percentile by Number Answered
Your Score History
You have not taken this quiz